Statistics for Liechtenstein True or False?

Click here to take the quiz!

General Stats

  • This quiz has been taken 424 times
  • The average score is 11 of 15

Answer Stats

QuestionAnswer% Correct
Liechtenstein is the smallest country in Europe.False
93%
Liechtenstein is one of the richest countries in the world (per capita).True
90%
Roy Lichtenstein, the famous artist, was from Liechtenstein.False
88%
Liechtenstein is totally surrounded by Switzerland.False
87%
Liechtenstein is located in the Alps.True
85%
Switzerland once accidentally invaded Liechtenstein.True
80%
French is the official language in Liechtenstein.False
79%
Liechtenstein is the only country which is double-landlocked.False
78%
Liechtenstein soccer team is one of the worst in the world: it didn't win any game during more than 15 years.True
78%
Liechtenstein has an airport on its territory.False
68%
It was possible to rent Liechtenstein for several days.True
68%
Liechtenstein anthem is based on "God Save the Queen".True
53%
Liechtenstein has already won olympic medals.True
51%
Liechtenstein was one of the first countries to introduce the vote right for women.False
45%
Liechtenstein currency is euro.False
42%

Score Distribution

Percentile by Number Answered

Percent of People with Each Score

Your Score History

You have not taken this quiz